000 00417nam a2200181Ia 4500
001 2563
005 20260306144816.0
008 260306t2018||||xx |||||||||||||| ||spa||
041 _aESP
082 _a616.89143
_bB139
100 _aBevilacqua, Liliana del Valle
_eAUT
245 0 _aInfancia
260 _c2018
300 _a213 páginas :
_c23 cm.
650 _aGEN
654 _aCPS
942 _cLIB
_dJUS
_fJUS
_2ddc
_n
999 _c2563
_d2563